1330 1575 1848 1489 1150 1448 1136 1321 1902 1068 1851 1342 1843 1122 1531 1206 1299 1498 1328 1213 1569 1766 1318 1755 1883 1505 1930 1240 1114 1895 1106 1506 1882 1552 1992 1689 1427 1266 1541 1965 1845 1158 1316 1546 1762 1075 1541 1274 1585 1633 1591 1137 1777 1764 1425 1743 1197 1043 1299 1944 1029 1930 1599 1993 1028 1761 1949 1638 1301 1043 1129 1996 1686 1839 1629 1046 1800 1228 1178 1583 1848 1827 1241 1521 1866 1269 1349 1321 1304 1020 1942 1591 1042 1141 1039 1428 1068 1683 1720 BCNSPRNW ULIB Ver.6.0+V

เปลี่ยนเป็นภาษาไทย

Change to English
 แสดงรายละเอียดบรรณานุกรม
  กลับหน้าหลัก

Brief Record : Get Marc (ISO 2709) : E-mail record : QR code < ปิดหน้าต่าง
LEADER : 00000nam 2200000uu 4500
001    13399123328
003     ULIB
008    140822s2556||||th 000 0 tha d
020    ^a9786167305752
050  4 ^aBQ5125.T5^bพ541
245 00 ^aพัดรองงานพระราชพิธีในรัชกาลพระบาทสมเด็จพระปรมินทรมหาภูมิพลอดุลยเดช /^cคณะบรรณาธิการและผู้เรียบเรียง, ไพโรจน์ รัตนพล ... [และคนอื่นๆ]
260    ^aกรุงเทพฯ :^bกสทช,^c2556
300    ^a308 หน้า :^bภาพประกอบสี ;^c30 ซม.
500    ^aที่ระลึกเฉลิมพระเกียรติเนื่องในโอกาสงานฉลองพระชันษา 100 ปีสมเด็จพระญาณสังวร สมเด็จพระสังฆราช สกลมหาสังฆปริณายก 3 ตุลาคม2556
650  4 ^aพัดยศ
650  4 ^aตาลปัตร
700 0  ^aไพโรจน์ รัตนพล
710 2  ^aสำนักงานคณะกรรมการกิจการกระจายเสียง กิจการโทรทัศน์และกิจการโทรคมนาคมแห่งชาติ
945    ^p0^l0^i034630
999    ^aเกษร โพธิ์สุวรรณ
รายการนี้ยังไม่มีแท็ก
คุณยังไม่ได้ล็อกอิน คุณสามารถมีกิจกรรมร่วมกับเว็บไซต์ได้ แต่ต้องล็อกอินก่อน ::
  ล็อกอิน

รายการสื่อสารสนเทศ

ลำดับที่ ประเภท เลขเรียก/บาร์โค้ด สถานที่ สถานะ
1. การศึกษาทั่วไป
การศึกษาทั่วไป
BQ5125.T5 พ541 ฉ.1 
  Barcode: 034630
ห้องสมุดวิทยาเขตสวรรค์ประชารักษ์
►หนังสือทั่วไป
บนชั้น

BibComment


ยังไม่เคยถูกคอมเมนท์

คอมเมนท์ทรัพยากรรายการนี้
  คอมเมนท์: พัดรองงานพระราชพ..


 Copyright 2026. Bcnsprnw @Library